Statystyki dla Jakie to państwo/region autonomiczny?

Kliknij tutaj aby rozwiązać quiz!

Ogólne statystyki

  • Ten quiz został rozwiązany 853 razy
  • Średni wynik to 7 z 20

Statystyki odpowiedzi

PodpowiedźOdpowiedź% Poprawnych
Česká republikaCzechy
99%
FranceFrancja
98%
PolskaPolska
98%
MagyarországWęgry
65%
KaszëbëKaszuby
48%
SuomiFinlandia
40%
ΕλλάδαGrecja
40%
EestiEstonia
39%
조선민주주의인민공화국Korea Północna
38%
יִשְרָאֵל‎Izrael
25%
ราชอาณาจักรไทยTajlandia
20%
ShqipëriaAlbania
14%
საქართველოGruzja
14%
ΚύπροςCypr
12%
AyitiHaiti
12%
Euskal HerriaKraj Basków
10%
Республика СахаJakucja
7%
AotearoaNowa Zelandia
7%
ኢትዮጵያEtiopia
6%
MáṣrEgipt
5%

Rozkład punktacji

Percentyl według liczby udzielonych odpowiedzi

Procent ludzi z każdym wynikiem

Twoja historia wyników

Nie rozwiązałeś tego quizu